| 000 | 00688cam a22002531 4500 | ||
|---|---|---|---|
| 001 | sa 67000091 | ||
| 003 | DLC | ||
| 005 | 20260227112312.0 | ||
| 008 | 890731s1966 ii b 000 0 gujo | ||
| 010 | _asa 67000091 | ||
| 035 | _a(OCoLC)20105562 | ||
| 040 |
_aDLC _cWaU _dDLC |
||
| 042 | _apremarc | ||
| 043 | _aa-ii--- | ||
| 050 | 0 | 0 |
_aPK1852 _b.V3 |
| 100 | 1 |
_aVaidya, Bharati Madhukant, _d1929- |
|
| 245 | 1 | 0 | _aMadhyakālīna rāsa-sāhitya. |
| 260 | _c[1966] | ||
| 300 |
_a13, 10-447, 8 p. _c19 cm. |
||
| 500 | _aCover title: Rāsa-sāhitya. | ||
| 500 | _aIn Gujarati. | ||
| 504 | _aBibliography: p. [1]-8 (last group) | ||
| 650 | 0 |
_aGujarati poetry _xHistory and criticism. |
|
| 999 |
_c71754 _d71754 |
||